01070nam a2200241Ia 4500008004100000020001800041050002200059100003100081240005200112245012800164250001800292260003800310300004200348500007900390500008000469504003000549505006300579650003200642650003100674650002700705700004900732700004700781120625s2010 mx a 001 0 spa d a9786071503008 4aBF501bR4418 20101 aReeve, Johnmarshalleautor10aUnderstanding motivation and emotionlEspañol1 aMotivación y emociónc / Johnmarshall Reeve ; traducción Susana Margarita Olivares Bari, Gloria Estela Padilla Sierra a2a. edición3 aMéxicob : McGraw-Hillc , 2010 axviii, 416 páginasb: ilustraciones aTraducción de la quinta edición: Understanding motivation and emotion  aIncluye: tabla de contenido, prefacio, índice analítico y onomástico  aReferencias (pp. 345-385) aNecesidades Cogniciones Emociones Diferencias individuales14aMOTIVACIÓN Y PERSONALIDAD14aMOTIVACIÓNxPSICOLOGÍA14aEMOCION - ESTUDIO DE 1 aOlivares Bari, Susana Margaritae, traductor1 aPadilla Sierra, Gloria Estelae, traductor